000 00402nam a2200169Ia 4500
001 2209
003 IN-NITTTR
005 20251114232927.0
008 251113s9999||||xx |||||||||||||| ||eng||
040 _beng
040 _cIN-NITTTR
041 _aeng
082 _a621.381528 D832T
100 _aWolfendale, E.
245 0 _aTransistor circuit design and analysis /
_cWolfendale, E.
942 _2ddc
_cBK
999 _c3310
_d3310